Psychology /

Bibliographic Details
Other Authors: Bernstein
Format: Book
Published: New York: Houghton Mifflin Company, 2006.
Subjects:
LEADER 00445cam a2200169 7i4500
001 0000024589
005 20151104090000.0
005 ##20151104130500.0
003 ##MY-KlINT
020 # # |a 0618680985  
039 # 9 |y 201511041305  |z VLOAD 
090 0 0 |a E 150   |b PSY 
245 0 0 |a Psychology /   |c Douglas A.Bernstein. 
260 # # |a New York:   |b Houghton Mifflin Company,   |c 2006. 
300 # # |a 745 p:   |b ill;   |c 28cm. 
650 # 0 |a Psychology  
700 0 # |a Bernstein,   |h Douglas A.